| 000 | 00384nam a22001457a 4500 | ||
|---|---|---|---|
| 003 | OSt | ||
| 005 | 20251015095732.0 | ||
| 008 | 251015b |||||||| |||| 00| 0 eng d | ||
| 020 | _a9789966282903 | ||
| 040 | _cPENGUINE BOOKS LTD | ||
| 050 | _aPR 4750 .H37 2003 | ||
| 245 |
_aFAR FROM THE MADDING CROWD _cHARDY, THOMAS |
||
| 260 |
_aLONDON _bPENGUINE BOOKS LTD _c2023 |
||
| 942 |
_2lcc _cBK _n0 |
||
| 999 |
_c9623 _d9623 |
||